000 00559nam a2200193Ia 4500
005 20250326140557.0
008 250326s9999 xx 000 0 und d
020 _a0-13-209164-X
037 _aTextbook
040 _aFMSL
_beng
_cFMSL
041 _aeng
_2eng
084 _aX:90gU8 N9
_qFMSL
100 _aJerris L A
_9742616
245 0 _aHuman resources management for hospitality
_cJerris L A
260 _aUnited Kingdom
_bUnited Kingdom, Prentice Hall
_c1999
300 _a575p
942 _cTB
_hX:90gU8 N9
999 _c1286392
_d1286392